|
|
|
|
| LEADER |
00000nam0a2200000 4500 |
| 001 |
107669 |
| 005 |
20231101214740.0 |
| 010 |
|
|
|a 5210000222
|
| 035 |
|
|
|a (RuTPU)RU\TPU\book\116232
|
| 090 |
|
|
|a 107669
|
| 100 |
|
|
|a 20061227d1988 m a0rusy5003 ca
|
| 101 |
0 |
|
|a rus
|
| 102 |
|
|
|a RU
|
| 105 |
|
|
|a ac z 001zy
|
| 200 |
1 |
|
|a Алексей Гаврилович Венецианов
|f Г. К. Леонтьева
|
| 210 |
|
|
|a Ленинград
|c Искусство
|d 1988
|
| 215 |
|
|
|a 288 с., [17] л. ил.
|d 22 см
|
| 225 |
1 |
|
|a Сер. "Жизнь в искусстве"
|
| 320 |
|
|
|a Библиогр.: с. 288
|
| 600 |
|
1 |
|a Венецианов
|b А. Г.
|c российский живописец
|f 1780-1847
|g Алексей Гаврилович
|2 stltpush
|3 (RuTPU)RU\TPU\pers\11970
|9 3078
|
| 610 |
1 |
|
|a русская живопись
|
| 610 |
1 |
|
|a 19 век
|
| 610 |
1 |
|
|a художники
|
| 675 |
|
|
|a 75.071(092)Венецианов
|z rus
|
| 700 |
|
1 |
|a Леонтьева
|b Г. К.
|g Галина Константиновна
|4 070
|
| 801 |
|
0 |
|a RU
|b RuMRKP
|c 19950417
|g psbo
|
| 801 |
|
1 |
|a RU
|b 63413507
|c 20061227
|g PSBO
|
| 801 |
|
2 |
|a RU
|b 63413507
|c 20070317
|g PSBO
|
| 942 |
|
|
|c BK
|